000 00259nam a22001097a 4500
008 170111b xxu||||| |||| 00| 0 eng d
020 _a9781933107615
041 _aeng
080 _27TH
_a618.2
245 _aNURSING CARE OF CHILDREN
_cKNIPPA, A
942 _2udc
_cBK
999 _c2685
_d2685